Pes hlavou dolu 45 príbehov o ásanách

Bibliographic Details
Main Author: Erpicum, Clémentine (Author)
Other Authors: CÄät, 1979- (Illustrator), Černáková, Zuzana (Translator)
Format: Book
Language:Slovak
French
PhysicalDescription:165 strán ilustrované listy, tabuľky 21 cm
Published: Bratislava Premedia 2022
ISBN:9788082421210
Edition:Prvé vydanie
Subjects:

MARC

LEADER 00000cam a2200000 4500
001 vtls012229033
003 SK-MaSNL
005 20260301163434.0
008 230505s2022 xo af g 000 j slo
015 |a SNBA2023/05 
020 |a 9788082421210  |q (viazané) 
040 |a SNK  |b slo  |c SNK  |e rda 
041 0 |a slo  |h fre 
044 |a xo  |c SK 
072 7 |a 821.133.1-3  |x Francúzska próza, francúzsky písaná  |2 konspekt 
072 7 |a 796  |x Šport. Hry. Telesné cvičenia  |2 konspekt 
080 |a 796.012.62  |2 2011 
080 |a 821.133.1-32  |2 2011 
080 |a (0:82-343)  |2 2011 
080 |a 2‑265.3  |2 2011 
100 1 |a Erpicum, Clémentine  |4 aut  |9 529400 
240 1 3 |a Le chien tête en bas 45 histoires ďasanas  |l Slovensky 
245 1 0 |a Pes hlavou dolu  |b 45 príbehov o ásanách  |c Clémentine Erpicum ; ilustrácie CÄät ; z francúzského originálu Le chien tête en bas 45 histoires ďasanas ... preložila Andrea Černáková 
246 3 0 |a 45 príbehov o ásanách 
246 3 3 |a Štyridsaťpäť príbehov o ásanách 
250 |a Prvé vydanie 
264 1 |a Bratislava  |b Premedia  |c 2022 
300 |a 165 strán  |b ilustrované listy, tabuľky  |c 21 cm 
336 |a text  |b txt  |2 rdacontent 
336 |a statický obraz  |b sti  |2 rdacontent 
337 |a bez média  |b n  |2 rdamedia 
338 |a zväzok  |b nc  |2 rdacarrier 
500 |a Obsahuje biografické údaje o autorkách 
500 |a Obsahuje terminologický slovník 
504 |a Obsahuje bibliografiu na strane 163-164 
650 0 7 |a ásana  |2 SNKPH  |9 229549 
650 0 7 |a joga  |2 SNKPH  |9 4277 
650 0 7 |a symbolika  |2 SNKPH  |9 56882 
650 0 7 |a Yoga  |2 SNKPHeng  |9 281703 
650 0 7 |a symbolika  |2 SNKPHeng  |9 56882 
655 7 |a francúzske príbehy  |2 SNKPH  |9 73805 
655 7 |a mýty  |2 SNKPH  |9 70530 
655 7 |a French stories  |2 SNKPHeng  |9 319877 
655 7 |a Myths  |2 SNKPHeng  |9 326404 
655 7 |a eposy  |2 SNKPH  |9 86747 
655 7 |a Eposes  |2 SNKPHeng  |9 307332 
700 1 |a CÄät,  |d 1979-  |4 ill  |9 529401 
700 1 |a Černáková, Zuzana  |4 trl  |9 529402 
852 |a Slovenská národná knižnica 
919 |a 978-80-8242-121-0 
954 |a beletria cudzojazyčná (svetová)  |2 lita 
958 |a LX 
958 |a NB 
958 |a UP 
968 |b FR 
999 |c 817049  |d 818979 
952 |a SNK  |b SNK  |y PREZ  |7 0  |p 17A1528838  |o snkSC 202009  |i snk2023/7250  |8 0  |0 0  |1 0  |4 0  |d 2023-05-05  |l 0  |r 2025-10-24 00:00:00  |w 2026-02-24 
952 |a SNK  |b SNK  |y VYP  |7 0  |p 17A1528841  |o snkSC 202009 D1  |i snk2023/7251  |8 0  |0 0  |1 0  |4 0  |d 2023-05-05  |l 0  |r 2026-02-24 02:54:37  |w 2026-02-24